Island Nations Quiz – Mapped - Statistics

General Stats
  • This quiz has been taken 59 times
  • The average score is 40 of 48
Answers on the Map
Answers color-coded by a green-red scale on the quiz's map according to % correct below.
 
Answer Stats
Answer % Correct
Seychelles
98%
Bahamas
95%
Cuba
95%
Dominica
95%
Haiti
95%
Cape Verde
93%
Australia
90%
Maldives
90%
Saint Vincent and the Grenadines
90%
Dominican Republic
88%
Fiji
88%
Iceland
88%
Malta
88%
New Zealand
88%
Sao Tome and Principe
88%
Comoros
85%
Cyprus
85%
Federated Statesof Micronesia
85%
Grenada
85%
Jamaica
85%
Japan
85%
Madagascar
85%
Mauritius
85%
Solomon Islands
85%
Vanuatu
85%
Indonesia
83%
Marshall Islands
83%
Philippines
83%
Samoa
83%
Sri Lanka
83%
Taiwan
83%
Trinidad and Tobago
83%
United Kingdom
83%
Barbados
80%
Ireland
80%
Saint Lucia
80%
Papua New Guinea
78%
Tuvalu
78%
Antigua and Barbuda
75%
Brunei
75%
East Timor
75%
Saint Kitts and Nevis
75%
Kiribati
73%
Tonga
73%
Nauru
70%
Palau
70%
Singapore
70%
Bahrain
68%
No matching quizzes found
Score Distribution
Percent of People with Each Score
Percentile by Number Answered
Your Score History
You have not taken this quiz